01925nac a22003611i 4500003000900000005001700009008004100026020001500067040004300082082002200125100004100147245048000188250004000668264004900708300004500757336002600802337002800828338002700856500002600883521007700909650005200986650005001038650005901088650005701147650005501204650005301259655001701312700003101329700002801360942001201388999001501400952014801415EG-ScBUE20250218104820.0250211s2004 ii a f 000 0 eng d a812192247X aEG-ScBUEbengerdacEG-ScBUEdEG-ScBUE04a519.2076bKAN2221 aKandasamy, P., eauthor.10aProbability, random variables, and random processes /cP. Kandasamy, M.A., Ph.D., professor of Mathematics (Retd.), P.S.G. College of Coimbatore, Visiting Professor, Amrita Institute of Technology and Science, Coimbatore, K. Thilagavathi, M.Sc., M.phil., Ph.D., Reader in Mathematics, Kongunadu Arts and Science College, Coimbatore, K. Gunavathi, M.E., Ph.D., Asst. Professor, Department of Electronics and Communication Engineering, P.S.G. College of Technology, Coimbatore. aReprinted with corrections edition. 1aNew Delhi :bS. Chand & Company Ltd.,c2004. axii, 504 pages :billustrations ;c24 cm 2rdacontentatextbtxt aunmediated2rdamediabn avolumebnc2rdacarrier aIncludes Appendices.  aFor B.E.-Fourth semester (electronics & communication), Anna University. 7aProbabilitiesxProblems, exercises, etc.2BUEsh 7aProbabilitiesxOutlines, syllabi, etc.2BUEsh 7aStochastic processesxProblems, exercises, etc.2BUEsh 7aStochastic processesxOutlines, syllabi, etc.2BUEsh 7aRandom variablesxProblems, exercises, etc.2BUEsh 7aRandom variables2BUEshvOutlines, syllabi, etc. vReading book1 aThilagavathi, K.,eauthor.1 aGunavathi, K.,eauthor. cBB2ddc c1280d1280 00102ddc40708BaccahaMAINbMAINc1STd2006-08-31g50.00l1o519.2076 KANp000003194r2025-07-15 00:00:00s2009-12-21v62.50w2006-08-31yBB